000 00333nam a2200157Ia 4500
100 _aArehart/ Charles
650 _aAutomobiles
942 _cBK
654 _aProfessional wap
245 _aProfessional WAP
260 _bWrox Press Ltd
_c2000
082 _a4.65
_bARE/CHA
300 _a812
546 _aENGLISH
999 _c32858
_d32858